000 01007nam a2200265Ia 4500
003 OSt
005 20220923211011.0
006 a|||||r|||| 00| 0
007 ta
008 220922b |||||||| |||| 00| 0 hin d
020 _a8170551803 (hbk)
_c495
024 _a241,029
037 _b490, 03/03/2010, Vani Prakashan
_cTextual
040 _aARTS
_cARTS
_bhin
041 _2hin
_ahin
082 _aO152,gxN27, P3
100 _aयायावर, भारत, संपा.
_9157018
245 0 _aआलोचना के रचना - पुरूष नामवर सिंह
246 _aĀlochanā ke rachanā - purūṣh nāmavar sianha
260 _aनयी दिल्ली
_b वाणी प्रकाशन
_c2003
300 _a564पृ.
_ccm.
650 _aहिन्दी साहित्य
_9156264
942 _hO152,gxN27, P3
_cTEXL
_2CC
999 _c293740
_d293740